Základy lomové mechaniky

Gespeichert in:
Bibliographische Detailangaben
1. Verfasser: Kunz, Jiří (Verfasst von)
Format: Buch
Sprache:Tschechisch
Veröffentlicht: Praha : České vysoké učení technické v Praze, 2000
Schlagworte:
Tags: Tag hinzufügen
Keine Tags, Fügen Sie das erste Tag hinzu!

MARC

LEADER 00000nam a22000003a 4500
001 stu74205
005 20150617225647.7
008 020225s2000----xr------------------cze-d
020 |a 80-01-02248-X 
040 |a STU  |b slo 
041 0 |a cze 
044 |a xr 
080 |a 539.42(075.8) 
100 1 |a Kunz, Jiří  |4 aut 
245 1 |a Základy lomové mechaniky 
260 |a Praha :  |b České vysoké učení technické v Praze,  |c 2000 
300 |a 260 s 
650 7 |a Mechanika lomová  |2 stusub 
996 |b 284EK84347  |c E*84347  |l EE01  |s A  |a 24  |w stu74205_0001 
996 |b 284EK90551  |c E*90551  |l EE0101  |s P  |a 0  |w stu74205_0002